000 00581nam a2200169 a 4500
008 120416s1958 ||||||||||||||||| || u
050 _aGN 315 Hoe
100 _aHoebel, Edward Adamson
245 1 0 _aMan in the primitive world; an introduction to anthropology
250 _a2nd ed.
260 _aNew York
_bMcGraw-Hill
_c1958
300 _axvi, 678p. : ill.
350 _a0.00
650 _aANTHROPOLOGY
650 _aFossil man
995 _D0.00
_FCBU-MAIN LIBRARY (Kitwe)
_H1
_I0.00
_M1
_UDAMAGED
_ZMain Library Open Access Collection
999 _c49804
_d49804